| 000 -NÁVESTIE |
| fixed length control field |
00694nam a2200241 a 4500 |
| 008 - ÚDAJE S PEVNOU DĹŽKOU – VŠEOBECNÉ INFORMÁCIE |
| fixed length control field |
951031s1993||||xo 0 cze c |
| 020 ## - MEDZINÁRODNÉ ŠTANDARDNÉ ČÍSLO KNIHY (ISBN) |
| Údaje o dostupnosti |
59 |
| 040 ## - ZDROJ KATALOGIZÁCIE |
| Pôvodná katalogizujúca agentúra |
SNK |
| Jazyk katalogizácie |
slo |
| Prepisujúca agentúra |
SNK |
| Konvencie popisu |
AACR2 |
| 041 1# - KÓD JAZYKA |
| Kód jazyka textu/zvukovej stopy alebo samostatných nápisov |
slo |
| Kód jazyka originálu a/alebo sprostredkujúcich prekladov textu |
eng |
| 044 ## - KÓD KRAJINY VYDAVATEĽA/PRODUCENTA |
| Kód krajiny MARC |
xo |
| Kód krajiny ISO |
SK |
| 080 ## - ČÍSLO MEDZINÁRODNÉHO DESATINNÉHO TRIEDENIA (MDT) |
| Číslo Medzinárodného desatinného triedenia (MDT) |
784.66=850 |
| 080 ## - ČÍSLO MEDZINÁRODNÉHO DESATINNÉHO TRIEDENIA (MDT) |
| Číslo Medzinárodného desatinného triedenia (MDT) |
929 Prince |
| 100 1# - OSOBNÉ MENÁ – VŠEOBECNÉ INFORMÁCIE |
| Osobné meno |
Duffy, John W. |
| Kód roly |
aut |
| 245 10 - NÁZOV |
| Názov |
Prince |
| Zvyšok názvu |
První ilustrovaná biografie |
| Údaj o zodpovednosti atď. |
John W. Duffy ; Přel. Milan Jára |
| 260 ## - VYDAVATEĽSKÉ ÚDAJE, DISTRIBÚCIA ATĎ. |
| Miesto publikovania, distribúcie atď. |
Bratislava |
| Názov vydavateľa, distibútora atď. |
Champagne avantgarde |
| Dátum publikovania, distribúcie atď. |
1993 |
| Miesto výroby |
Martin |
| Výrobca |
Neografia |
| 490 0# - EDÍCIA |
| Edícia |
Gold Music Quality |
| 500 ## - VŠEOBECNÁ POZNÁMKA |
| Formátovaná poznámka o obsahu |
Sazba TYPO setter |
| 600 1# - PRIDANÝ VSTUP – PREDMET – OSOBNÉ MENO |
| Osobné meno |
Prince |
| Zdroj hesla alebo termínu |
SNK |
| 700 1# - PRIDANÝ VSTUP – OSOBNÉ MENO |
| Osobné meno |
Jára, Milan |
| Kód roly |
trl |
| 765 0# - VÄZBA NA PÔVODNÝ JAZYK |
| Názov |
Prince - The First Illustrated Biography |
| 958 ## - Formálny deskriptor |
| Formálny deskriptor |
AAI |
| 958 ## - Formálny deskriptor |
| Formálny deskriptor |
AOP |